Statistics for Biggest cities of the world in 2200

Click here to take the quiz!

General Stats

  • This quiz has been taken 32 times
  • The average score is 5 of 10

Answer Stats

PopulationAnswer% Correct
63,693,000Mumbai
90%
129,032,000Lagos
87%
133,027,000Kinshasa
73%
89,054,000Kano
57%
81,951,000Luanda
50%
69,368,000Karachi
47%
79,450,000Niamey
47%
74,063,000Ibadan
43%
57,804,000Mogadishu
27%
106,799,000Dare es salaam
0%

Score Distribution

Percentile by Number Answered

Percent of People with Each Score

Your Score History

You have not taken this quiz